Ayotzinapa : (Registro nro. 25884)
[ vista simple ]
| 000 -LEADER | |
|---|---|
| fixed length control field | 01241cam a2200313 i 4500 |
| 001 - CONTROL NUMBER | |
| control field | 25884 |
| 003 - CONTROL NUMBER IDENTIFIER | |
| control field | Mx-PuUPA |
| 005 - DATE AND TIME OF LATEST TRANSACTION | |
| control field | 20251030100452.0 |
| 008 - FIXED-LENGTH DATA ELEMENTS--GENERAL INFORMATION | |
| fixed length control field | 140415s2015 mx a gr 000 0 spa d |
| 040 ## - CATALOGING SOURCE | |
| Original cataloging agency | Mx-PuUPA |
| Language of cataloging | spa |
| Transcribing agency | Mx-PuUPA |
| Modifying agency | Mx-PuUPA |
| Description conventions | rda |
| 041 0# - LANGUAGE CODE | |
| Language code of text/sound track or separate title | spa |
| 043 ## - GEOGRAPHIC AREA CODE | |
| Geographic area code | n-mx--- |
| 100 1# - MAIN ENTRY--PERSONAL NAME | |
| Personal name | García Espinosa, J. Cruz |
| 9 (RLIN) | 17633 |
| Relator term | autor |
| 245 10 - TITLE STATEMENT | |
| Title | Ayotzinapa : |
| Remainder of title | los Pineda Villa / |
| Statement of responsibility, etc. | J. Cruz García Espinosa |
| 246 3# - VARYING FORM OF TITLE | |
| Title proper/short title | Los Pineda Villa / |
| Remainder of title | danza entre narcos, policías y políticos que desembocó en la tragedia de Iguala, Guerrero. Una historia interminable. |
| 264 #1 - PRODUCTION, PUBLICATION, DISTRIBUTION, MANUFACTURE, AND COPYRIGHT NOTICE | |
| Place of production, publication, distribution, manufacture | [México?] : |
| Name of producer, publisher, distributor, manufacturer | Populibros Libertad : División de Editorial, |
| Date of production, publication, distribution, manufacture, or copyright notice | 2015 |
| 300 ## - PHYSICAL DESCRIPTION | |
| Extent | 94 páginas : |
| Other physical details | ilustraciones (en blanco y negro) ; |
| Dimensions | 21 cm |
| 336 ## - CONTENT TYPE | |
| Fuente | rdacontent |
| Content type term | texto |
| Content type code | txt |
| 336 ## - CONTENT TYPE | |
| Fuente | rdacontent |
| Content type term | imagen fija |
| Content type code | sti |
| 337 ## - MEDIA TYPE | |
| Source | rdamedia |
| Media type term | sin medio |
| Media type code | n |
| 338 ## - CARRIER TYPE | |
| Source | rdacarrier |
| Carrier type term | volumen |
| Carrier type code | nc |
| 490 0# - SERIES STATEMENT | |
| Series statement | Los Tufos del Narco |
| 650 #7 - SUBJECT ADDED ENTRY--TOPICAL TERM | |
| Source of heading or term | armarc |
| Topical term or geographic name entry element | Tráfico de drogas |
| Geographic subdivision | México |
| 650 #7 - SUBJECT ADDED ENTRY--TOPICAL TERM | |
| Source of heading or term | armarc |
| Topical term or geographic name entry element | Narcotráfico |
| Geographic subdivision | México |
| General subdivision | Historia |
| 942 ## - ADDED ENTRY ELEMENTS (KOHA) | |
| Source of classification or shelving scheme | Dewey Decimal Classification |
| Koha item type | Libro |
| Classification part | 364.133650972 |
| Item part | G22 |
| Withdrawn status | Lost status | Source of classification or shelving scheme | Damaged status | Not for loan | Collection code | Home library | Current library | Shelving location | Date acquired | Source of acquisition | Total Checkouts | Full call number | Barcode | Date last seen | Date last checked out | Price effective from | Koha item type |
|---|---|---|---|---|---|---|---|---|---|---|---|---|---|---|---|---|---|
| Dewey Decimal Classification | General | Biblioteca Karol Wojtyla | Biblioteca Karol Wojtyla | Sala general | 03/12/2013 | Compra | 1 | 364.133650972 G22 2015 | 48196 | 08/04/2026 | 25/03/2026 | 03/12/2013 | Libro |